| 000 | 01082cam a2200337 i 4500 | ||
|---|---|---|---|
| 999 |
_c200444629 _d62841 |
||
| 001 | 200444629 | ||
| 003 | TR-AnTOB | ||
| 005 | 20220729165953.0 | ||
| 007 | ta | ||
| 008 | 081030s1970 tu 00000 tur d | ||
| 035 | _a(TR-AnTOB)200444629 | ||
| 040 |
_aSULEY _beng _erda _cSULEY _dTR-AnTOB |
||
| 041 | 1 |
_atur _heng |
|
| 050 | 1 | 4 |
_aTS158 _b.G3419 1970 |
| 090 |
_aTOBBK TS158 _b.G3419 1970 |
||
| 100 | 1 |
_aGage, William Lionel _eauthor _965637 |
|
| 240 | 1 | 0 |
_aCritical path analysis. _lTurkish. |
| 245 | 1 | 0 |
_aKritik yol analizi / _cW. L. Gage. |
| 264 | 1 |
_aAnkara : _bMilli Prodüktivite Merkezi, _c1970. |
|
| 300 |
_a68 pages ; _c24 cm |
||
| 336 |
_atext _btxt _2rdacontent |
||
| 337 |
_aunmediated _bn _2rdamedia |
||
| 338 |
_avolume _bnc _2rdacarrier |
||
| 490 | 0 |
_aMilli Prodüktivite Merkezi Yayınları ; _v72 |
|
| 500 | _aOriginal title: Critical path analysis. | ||
| 650 | 7 |
_aKritik yol analizi _2etuturkob _9133458 |
|
| 710 | 2 |
_aMilli Prodüktivite Merkezi (Turkey) _930586 |
|
| 942 |
_2z _cBK |
||